Writing for multimedia and the Web : (Record no. 6689)

MARC details
000 -LEADER
fixed length control field 02376cam a22001934a 4500
020 ## - INTERNATIONAL STANDARD BOOK NUMBER
ISBN 0240808223 (pbk. : alk. paper)
020 ## - INTERNATIONAL STANDARD BOOK NUMBER
ISBN 9780240808222
050 00 - CALL NUMBER
Classification number QA76.76.I59
Item number .G16
100 1# - AUTHOR
Personal name Garrand, Timothy Paul.
245 10 - TITLE
Title Writing for multimedia and the Web :
Remainder of title a practical guide to content development for interactive media /
Statement of responsibility, etc Timothy Garrand.
250 ## - EDITION
Edition statement 3rd ed.
260 ## - PUBLICATION INFORMATION
Place of publication Amsterdam ;
-- Boston :
Name of publisher Elsevier Focal Press,
Year of publication c2006.
300 ## - DESCRIPTION
Number of Pages xxxiv, 478 p. :
Other physical details ill. ;
Dimensions 25 cm. +
Accompanying material 1 CD-ROM (4 3/4 in.)
500 ## - NOTES
General note Includes index.
505 ## - FORMATTED CONTENTS NOTE
Table of Content pt. I: Interactivity and the writer --<br/>Writing for many media --<br/>High-level design, management, and technical skills useful to the interactive writer --<br/>The multimedia and web site production team --<br/>Script and proposal formatting --<br/>Key points from Part I: interactive media and the writer --<br/>pt. II: Defining and achieving goals for informational multimedia and web sites --<br/>Informational multimedia and web architecture --<br/>Introduction to the informational multimedia and web site case studies --<br/>Case study / Writing a marketing web site from proposal to documentation: Prudential Verani Realty --<br/>Case study / Corporate web site: T. Rowe Price --<br/>Case study / Research portal web site and the online feature story: Britannica.com and the Harlem Renaissance --<br/>Case study / E-learning: Interactive Math and Statistics Learning --<br/>Case study / Museum kiosk: The Nauticus Shipbuilding Company --<br/>Case study / Training: Vital Signs --<br/>Key points from Part II: how to write nonnarrative informational multimedia --<br/>pt. III: Interactive multimedia narrative and linear narrative --<br/>The elements of interactive multimedia narrative --<br/>Introduction to the narrative multimedia case studies --<br/>Case study / Adapting classic books to a computer game for the female audience: Nancy Drew: The Secret of the Old Clock --<br/>Case study / Adding story to a simulation: Amped 3 --<br/>Case study / Parallel stories narrative: The Pandora Directive --<br/>Case study/ Worlds narrative: Dust: A Tale of the Wired West --<br/>Case study / Immersive exhibit: The New England Economic Adventure --<br/>Key points from Part III: how to write interactive narrative --<br/>pt. IV: Conclusion: becoming a professional interactive writer.
650 #0 - SUBJECTS
Topical Term Interactive multimedia
General subdivision Authorship.
650 #0 - SUBJECTS
Topical Term World Wide Web.
942 ## - ADDED ENTRY ELEMENTS (KOHA)
Koha item type Books
Holdings
Withdrawn status Lost status Home library Current library Shelving location Date acquired Full call number Accession Number Koha item type
    Methodist University Library Main Methodist University Library Main General Stacks   QA76.76.I59 .G16 3486 Books
Copyright © 2026  MUG Library